000
00259nam a22000977a 4500
100
_a
Wheeler,J.Talboys
_9
80128
245
_a
The Religious & Cultural History of INdia
260
_a
Sringar
_b
Zehra Publishing House
_c
2018
650
_a
Histroy
_9
80129
942
_c
BK
999
_c
63592
_d
63592